Metódy dokumentácie archeologických štruktúr a ich implementácia v prostredí GIS
Saved in:
| Main Author: | |
|---|---|
| Other Authors: | |
| Format: | Manuscript Book |
| Language: | Slovak |
| Published: |
2015
|
| Subjects: | |
| Online Access: | http://is.stuba.sk/zp/portal_zp.pl?podrobnosti=109393 https://opac.crzp.sk/?fn=detailBiblioForm&sid=78283B71680DBAF21447D41D22D4 |
| Tags: |
No Tags, Be the first to tag this record!
|
MARC
| LEADER | 00000ntm a22000003a 4500 | ||
|---|---|---|---|
| 001 | stuzp51715 | ||
| 003 | SK-STU | ||
| 005 | 20231012094535.2 | ||
| 007 | ta | ||
| 008 | 150427s2015----xo-----f-mn---000-0-slo-d | ||
| 040 | |a STU |b slo | ||
| 041 | 0 | |a slo | |
| 100 | 1 | |a Čechovský, Michal |u 010130 |4 aut |U SvF Stavebná fakulta |T SvF Katedra geodetických základov |X 7108 |U V130 |Y 13 |7 A000007108 | |
| 242 | 0 | 1 | |a Documentation methods of archaeological structures and their implmentation to GIS |y eng |
| 245 | 1 | 0 | |a Metódy dokumentácie archeologických štruktúr a ich implementácia v prostredí GIS |
| 260 | |c 2015 | ||
| 650 | 4 | |a dokumentácia |2 slo | |
| 650 | 4 | |a archeologická štruktúra |2 slo | |
| 650 | 4 | |a UAV fotogrametria |2 slo | |
| 650 | 4 | |a 3D modelovanie |2 slo | |
| 650 | 4 | |a krížová kontrola |2 slo | |
| 650 | 4 | |a analýza povrchu |2 slo | |
| 650 | 4 | |a detekcia štruktúry |2 slo | |
| 650 | 4 | |a GIS |2 slo | |
| 650 | 4 | |a implementácia |2 slo | |
| 650 | 4 | |a documentation |2 eng | |
| 650 | 4 | |a archaeological |2 eng | |
| 650 | 4 | |a UAV photogrammetry |2 eng | |
| 650 | 4 | |a 3D modeling |2 eng | |
| 650 | 4 | |a cross validation |2 eng | |
| 650 | 4 | |a surface analysis |2 eng | |
| 650 | 4 | |a structure detection |2 eng | |
| 650 | 4 | |a GIS |2 eng | |
| 650 | 4 | |a implementation |2 eng | |
| 700 | 1 | |a Lieskovský, Tibor |4 ths |X 3805 |7 A000003805 | |
| 856 | 4 | |u http://is.stuba.sk/zp/portal_zp.pl?podrobnosti=109393 | |
| 856 | 4 | |u https://opac.crzp.sk/?fn=detailBiblioForm&sid=78283B71680DBAF21447D41D22D4 | |
| SQL | |a stuzp51715 |b DDP |c SLO |d Metódy dokumentácie archeologických štruktúr a ich implementácia v prostredí GIS |e 7108 |f Čechovský, Michal |g 010130 |h 3805 |i Lieskovský, Tibor |j 20150616 |k 12 |l 01 |m http://is.stuba.sk/zp/portal_zp.pl?podrobnosti=109393 |n I-GAK |o 5.1.3. geodézia a kartografia | ||